Russische Veränderungen: religiöse und politische Einstellungen im Spiegel von Meinungsumfragen
| Main Author: | |
|---|---|
| Format: | Print Article |
| Language: | German |
| Check availability: | HBZ Gateway |
| Interlibrary Loan: | Interlibrary Loan for the Fachinformationsdienste (Specialized Information Services in Germany) |
| Published: |
2002
|
| In: |
Herder-Korrespondenz
Year: 2002, Volume: 56, Issue: 4, Pages: 207-211 |
| Standardized Subjects / Keyword chains: | B
Russia
/ Religious consciousness
/ Political attitude
|
| RelBib Classification: | AD Sociology of religion; religious policy CG Christianity and Politics KAJ Church history 1914-; recent history KBK Europe (East) |
MARC
| LEADER | 00000caa a22000002c 4500 | ||
|---|---|---|---|
| 001 | 1644066653 | ||
| 003 | DE-627 | ||
| 005 | 20241114174606.0 | ||
| 007 | tu | ||
| 008 | 160405s2002 xx ||||| 00| ||ger c | ||
| 035 | |a (DE-627)1644066653 | ||
| 035 | |a (DE-576)465868320 | ||
| 035 | |a (DE-599)BSZ465868320 | ||
| 040 | |a DE-627 |b ger |c DE-627 |e rakwb | ||
| 041 | |a ger | ||
| 084 | |a 1 |2 ssgn | ||
| 100 | 1 | |0 (DE-588)12972517X |0 (DE-627)478102968 |0 (DE-576)297805169 |4 aut |a Roth, Paul |d 1925-2006 | |
| 109 | |a Roth, Paul 1925-2006 | ||
| 245 | 1 | 0 | |a Russische Veränderungen |b religiöse und politische Einstellungen im Spiegel von Meinungsumfragen |c Paul Roth |
| 264 | 1 | |c 2002 | |
| 336 | |a Text |b txt |2 rdacontent | ||
| 337 | |a ohne Hilfsmittel zu benutzen |b n |2 rdamedia | ||
| 338 | |a Band |b nc |2 rdacarrier | ||
| 500 | |a Aufsatz | ||
| 601 | |a Russisch | ||
| 601 | |a Einstellung | ||
| 601 | |a Spiegelung | ||
| 652 | |a AD:CG:KAJ:KBK | ||
| 689 | 0 | 0 | |d g |0 (DE-588)4076899-5 |0 (DE-627)104251980 |0 (DE-576)209203366 |2 gnd |a Russland |
| 689 | 0 | 1 | |d s |0 (DE-588)4177729-3 |0 (DE-627)105346500 |0 (DE-576)209979747 |2 gnd |a Religiöses Bewusstsein |
| 689 | 0 | 2 | |d s |0 (DE-588)4076217-8 |0 (DE-627)106083422 |0 (DE-576)209201207 |2 gnd |a Politische Einstellung |
| 689 | 0 | |5 (DE-627) | |
| 773 | 0 | 8 | |i In |t Herder-Korrespondenz |d Freiburg, Br. : Herder, 1946 |g 56(2002), 4, Seite 207-211 |w (DE-627)129073857 |w (DE-600)2422-3 |w (DE-576)014406144 |x 0018-0645 |7 nnas |
| 773 | 1 | 8 | |g volume:56 |g year:2002 |g number:4 |g pages:207-211 |
| 889 | |w (DE-627)1864203293 | ||
| 935 | |a mteo | ||
| 935 | |i mdedup | ||
| 951 | |a AR | ||
| ELC | |b 1 | ||
| ITA | |a 1 |t 1 | ||
| LOK | |0 000 xxxxxcx a22 zn 4500 | ||
| LOK | |0 001 331012911X | ||
| LOK | |0 003 DE-627 | ||
| LOK | |0 004 1644066653 | ||
| LOK | |0 005 20160405134556 | ||
| LOK | |0 008 160404||||||||||||||||ger||||||| | ||
| LOK | |0 040 |a DE-Tue135 |c DE-627 |d DE-Tue135 | ||
| LOK | |0 092 |o n | ||
| LOK | |0 852 |a DE-Tue135 | ||
| LOK | |0 852 1 |9 00 | ||
| LOK | |0 935 |a ixzs |a ixmi | ||
| LOK | |0 936ln |0 1442048824 |a KBK | ||
| LOK | |0 936ln |0 1442043016 |a AD | ||
| LOK | |0 936ln |0 1442043911 |a CG | ||
| LOK | |0 936ln |0 1442044640 |a KAJ | ||
| LOK | |0 939 |a 04-04-16 |b l01 | ||
| ORI | |a SA-MARC-ixtheoa001.raw | ||
| REL | |a 1 | ||
| STA | 0 | 0 | |a Political attitude,Attitude,Political orientation,Religious consciousness,Religious attitude,Spiritual consciousness,Attitude,Russia,Russia,Russia,Northwestern Russia |
| STB | 0 | 0 | |a Conscience religieuse,Position politique,Russie |
| STC | 0 | 0 | |a Consciencia religiosa,Posición política,Rusia |
| STD | 0 | 0 | |a Coscienza religiosa,Orientamento politico,Russia |
| STE | 0 | 0 | |a 宗教意识,政治立场,政治观点,政治态度 |
| STF | 0 | 0 | |a 宗教意識,政治立場,政治觀點,政治態度 |
| STG | 0 | 0 | |a Consciência religiosa,Posição política,Rússia |
| STH | 0 | 0 | |a Политическая позиция,Религиозное сознание,Россия (мотив) |
| STI | 0 | 0 | |a Θρησκευτική συνείδηση,Πολιτική στάση,Ρωσία (μοτίβο) |
| SUB | |a REL | ||
| SYG | 0 | 0 | |a Russia,Rußland,Russische Föderation,Russische SFSR,Russisches Reich , Europäisches Russland,Evropejskaja častʹ Rossii,Rußland,Krievija,Federazione Russa,RF,Großrussland,Großrußland,Russia,Rossijskaja Imperija,Russie,Empire de Russie,Russian Federation,Federacja Rosyjska,Rosja,Rossija,Rossijskaja Federacija,Russische Föderation,RF,Russia,Russland,Russisches Reich , Religiöse Einstellung , Einstellung,Politische Orientierung,Politische Meinung,Politische Überzeugung |
| TIM | |a 000000000000_100019171231 |b - 1917 | ||



